000 01154nam a2200337 i 4500
001 13472
003 KOSZ 005
005 20210428091159.0
008 071218s1971 pl a f f 000 0 pol
015 _aPB 1971/4250
040 _aWA N
_cWA N
_dKOSZ 005/RW
080 _a613.1+613.6:534.8:389.6
100 1 _aPuzyna, Czesław
_d(1920-2003)
_eAutor
245 1 0 _aNormalizacja w walce z hałasem /
_cCzesław Puzyna.
260 _aWarszawa :
_bWydawnictwa Normalizacyjne,
_c1971.
300 _a140 stron, [2] karty tablic :
_bilustracje ;
_c23 cm.
336 _aTekst
_btxt
_2rdacontent
337 _aBez urządzenia pośredniczącego
_bn
_2rdamedia
338 _aWolumin
_bnc
_2rdacarrier
380 _aKsiążki.
504 _aBibliografia na stronach [134]-140.
658 _aInżynieria i technika
650 4 _aZwalczanie
650 4 _aPomiary
650 4 _aPrzemysł
650 4 _aHałas
650 4 _aBHP
710 2 _aWydawnictwa Normalizacyjne
_4pbl.
856 _uhttp://koha.tu.koszalin.pl/cgi-bin/koha/opac-detail.pl?biblionumber=13472
_yKatalog online BPK
942 _2UKD
_cKS
999 _c13472
_d13472